<?xml version="1.0" encoding="UTF-8"?>
<marc:record xmlns:marc="http://www.loc.gov/MARC21/slim">
   <marc:leader>00000nam a2200000 a 4500</marc:leader>
   <marc:datafield ind1="1" ind2=" " tag="100">
      <marc:subfield code="a">Held, Monika</marc:subfield>
      <marc:subfield code="4">aut</marc:subfield>
      <marc:subfield code="e">Verfasser/-in</marc:subfield>
   </marc:datafield>
   <marc:datafield ind1=" " ind2=" " tag="653">
      <marc:subfield code="a">Liebe...</marc:subfield>
   </marc:datafield>
   <marc:datafield ind1=" " ind2=" " tag="653">
      <marc:subfield code="a">Verfolgung</marc:subfield>
   </marc:datafield>
   <marc:datafield ind1=" " ind2=" " tag="653">
      <marc:subfield code="a">Konzentrationslager</marc:subfield>
   </marc:datafield>
   <marc:datafield ind1=" " ind2=" " tag="653">
      <marc:subfield code="a">2. Weltkrieg</marc:subfield>
   </marc:datafield>
   <marc:datafield ind1="0" ind2="0" tag="245">
      <marc:subfield code="a">Der Schrecken verliert sich vor Ort</marc:subfield>
   </marc:datafield>
   <marc:datafield ind1="0" ind2="0" tag="245">
      <marc:subfield code="b">Roman</marc:subfield>
   </marc:datafield>
   <marc:datafield ind1=" " ind2="1" tag="264">
      <marc:subfield code="b">eichborn</marc:subfield>
      <marc:subfield code="c">2013</marc:subfield>
   </marc:datafield>
   <marc:datafield ind1="1" ind2=" " tag="520">
      <marc:subfield code="a">Beklemmendes, dunkles Stück deutscher Geschichte, zugleich auch die Geschichte einer Liebe und eines Lebens:  Im ersten Teil erfährt man wie Lena und Heiner  sich kennen lernten und mit welchen Schwierigkeiten sie anfangs zu kämpfen hatten. Denn alltägliche Geräusche und Gerüche, die für Lena keinerlei Bedeutung haben, werden für Heiner zu bösen Erinnerungen an seine KZ-Zeit.
Im zweiten Teil fahren sie gemeinsam nach Polen und gehen auf Spurensuche. Sie besuchen ehemalige Mithäftlinge und natürlich auch "sein" Lager.
Im letzten Teil leben Lena und Heiner an der Küste, wegen des gesünderen Klimas, doch immer noch gefangen in der Vergangenheit </marc:subfield>
   </marc:datafield>
   <marc:datafield ind1=" " ind2=" " tag="020">
      <marc:subfield code="a">9783847905295</marc:subfield>
      <marc:subfield code="9">9783847905295</marc:subfield>
   </marc:datafield>
</marc:record>
